Indovina l'aeroporto dal codice #1 - Statistics

Statistiche generali
  • Questo quiz è stato fatto 55 volte
  • Il punteggio medio è 11 su 15
Statistiche sulle risposte
Codice Città % Corretto
SYD Sydney
98%
BER Berlino
94%
IST Istanbul
94%
PEK Pechino
86%
VIE Vienna
86%
MXP Milano
82%
BKK Bangkok
78%
DEL Delhi
78%
LAX Los Angeles
76%
CDG Parigi
76%
VCE Venezia
73%
LHR Londra
61%
GIG Rio de Janeiro
31%
EZE Buenos Aires
27%
RUH Riyadh
22%
Nessun quiz corrispondente trovato
Distribuzione punteggi
Percentuale di utenti per punteggio
Percentile per numero di risposta
I tuoi punteggi nel tempo
Non hai fatto questo quiz